[Event "Catalunya-chT GpB final"]
[Site "Barcelona"]
[Date "2018.03.17"]
[Round "2.4"]
[White "Medina Masdeu, Rasen"]
[Black "Torrecillas Martinez, Antonio"]
[Result "1/2-1/2"]
[WhiteElo "2122"]
[BlackElo "2341"]
[PlyCount "156"]
[EventDate "2018.03.10"]
[EventType "team-tourn"]
[EventRounds "4"]
[EventCountry "ESP"]
[SourceTitle "CBM 183 Extra"]
[Source "ChessBase"]
[SourceDate "2018.04.19"]
[SourceVersion "1"]
[SourceVersionDate "2018.04.19"]
[SourceQuality "1"]
[WhiteTeam "Gerunda"]
[BlackTeam "Foment Martinenc"]
[WhiteTeamCountry "ESP"]
[BlackTeamCountry "ESP"]

1. e4 c5 2. Nf3 g6 3. d4 cxd4 4. Nxd4 Nc6 5. Nc3 Bg7 6. Nb3 Nf6 7. Be2 d6 8. 0-0 0-0 9. Bg5 Be6 10. Kh1 Qc8 11. f4 Rd8 12. Bf3 a5 13. Nd5 Ra6 14. a4 Re8 15. c3 Nd7 16. Be2 Ra8 17. Qd2 Qd8 18. Rad1 Rc8 19. Qe3 f6 20. Bh4 Bf7 21. f5 Nce5 22. Bb5 g5 23. Bg3 Rf8 24. Nd4 Nb6 25. Ne6 Nxd5 26. exd5 Bxe6 27. dxe6 Nc6 28. Bxd6 exd6 29. Bxc6 Qe7 30. Bd7 Rc5 31. Qe4 Rb8 32. Rd5 b6 33. Rfd1 Bf8 34. h3 Qd8 35. Qd4 Be7 36. b4 Rxd5 37. Qxd5 Qc7 38. Bc6 Rc8 39. b5 Rb8 40. Qf3 Kg7 41. Rd5 Rf8 42. Qh5 Qb8 43. h4 Qc7 44. Kg1 Qd8 45. Kf1 Qc7 46. Ke1 Qd8 47. Kd1 Qc7 48. Kc2 Qd8 49. Rd3 g4 50. Qxg4+ Kh8 51. Rg3 Rg8 52. Qxg8+ Qxg8 53. Rxg8+ Kxg8 54. Kd3 Kf8 55. Ke4 d5+ 56. Bxd5 Bc5 57. Kf3 Ba3 58. Kg4 Kg7 59. Kh5 h6 60. c4 Bc5 61. Bc6 Bb4 62. Kg4 Bc5 63. Kf3 Bb4 64. Kf4 Bc5 65. Ke4 Kf8 66. Kd5 Ke7 67. Bd7 Bb4 68. Kc6 Bc5 69. Kb7 Kf8 70. Bc6 Bd6 71. Bf3 Ke7 72. Bh5 Bc5 73. Kc6 Bg1 74. Bf3 Bf2 75. g4 Bc5 76. Bg2 Bg1 77. Bd5 Bf2 78. Be4 Bg1 1/2-1/2

[Event "Girona op 5th"]
[Site "Girona"]
[Date "2014.07.17"]
[Round "3"]
[White "Medina Masdeu, Rasen"]
[Black "Mas Recorda, Pere"]
[Result "0-1"]
[WhiteElo "2228"]
[BlackElo "2119"]
[PlyCount "150"]
[EventDate "2014.07.15"]
[EventType "swiss"]
[EventRounds "9"]
[EventCountry "ESP"]
[SourceTitle "EXT 2016"]
[Source "ChessBase"]
[SourceDate "2015.10.08"]
[SourceVersion "1"]
[SourceVersionDate "2015.10.08"]
[SourceQuality "1"]

1. e4 e6 2. d4 d5 3. Nd2 c5 4. Ngf3 Nc6 5. Bb5 Qb6 6. exd5 Qxb5 7. dxc6 Qxc6 8. 0-0 Nf6 9. dxc5 Bxc5 10. Nb3 Be7 11. Ne5 Qd5 12. Qe2 0-0 13. Re1 b6 14. c4 Qb7 15. Bg5 Bd7 16. Nd4 Rad8 17. a3 Ba4 18. Ndf3 Bc6 19. Nxc6 Qxc6 20. Ne5 Qc8 21. Ng4 Rd4 22. Nxf6+ Bxf6 23. Bxf6 gxf6 24. b3 Qc5 25. Qf3 f5 26. Qh3 Rfd8 27. Qg3+ Kf8 28. Qg5 Rd2 29. Re3 R8d3 30. Rae1 Qd4 31. Qh6+ Qg7 32. Qf4 Qd4 33. Qb8+ Kg7 34. g3 a5 35. Qf4 Qxf4 36. gxf4 Rd4 37. Rf3 Ra2 38. a4 Rc2 39. Re5 Kf6 40. Rb5 Rd6 41. Re3 Rcd2 42. c5 bxc5 43. Rxc5 R2d5 44. Re5 Rxc5 45. Rxc5 Rd5 46. Rc3 Ke7 47. Kf1 Kd6 48. Ke2 Rd4 49. Rc8 Rxf4 50. Ra8 Rb4 51. Kf1 Rxb3 52. Kg2 Ra3 53. Rxa5 Ke7 54. Ra8 e5 55. a5 Kf6 56. a6 e4 57. a7 h5 58. h4 f4 59. Kf1 Kf5 60. Ke1 f3 61. Kd2 Ra2+ 62. Ke1 Ra6 63. Kd2 Rd6+ 64. Ke1 Rd7 65. Rh8 Rxa7 66. Rxh5+ Kf4 67. Rh8 f5 68. h5 Ra1+ 69. Kd2 Rf1 70. Ra8 Rxf2+ 71. Ke1 Rh2 72. Ra1 Rxh5 73. Kf2 Rh2+ 74. Ke1 Kg3 75. Ra8 e3 0-1

[Event "Llinars del Valles op-A 8th"]
[Site "Llinars del Valles"]
[Date "2014.05.10"]
[Round "3"]
[White "Medina Masdeu, Rasen"]
[Black "Gultresa Boada, Isaac"]
[Result "1/2-1/2"]
[WhiteElo "2030"]
[BlackElo "1828"]
[PlyCount "133"]
[EventDate "2014.04.26"]
[EventType "swiss"]
[EventRounds "8"]
[EventCountry "ESP"]
[SourceTitle "EXT 2015"]
[Source "ChessBase"]
[SourceDate "2014.11.20"]
[SourceVersion "1"]
[SourceVersionDate "2014.11.20"]
[SourceQuality "1"]

1. Nf3 d5 2. g3 c5 3. Bg2 Nc6 4. 0-0 Nf6 5. c4 d4 6. e3 Bg4 7. Qb3 Qd7 8. d3 e5 9. Re1 Be7 10. Na3 0-0 11. exd4 exd4 12. Bf4 Nh5 13. Bd2 Rab8 14. Qd1 Rbe8 15. h3 Bxh3 16. Rxe7 Rxe7 17. Bxh3 Qxh3 18. Ng5 Qf5 19. g4 Qxd3 20. gxh5 Re2 21. Bf4 Qxd1+ 22. Rxd1 Rfe8 23. Rd2 Rxd2 24. Bxd2 f6 25. Nf3 Kf7 26. Nb5 Re7 27. Nd6+ Ke6 28. Ne4 b6 29. b3 Ne5 30. Ne1 Nf7 31. Kg2 f5 32. Ng3 Nd6 33. Kf3 Nf7 34. Kf4 g5+ 35. hxg6 hxg6 36. Nd3 Kf6 37. Kf3 Ng5+ 38. Kg2 Ne6 39. f4 g5 40. fxg5+ Nxg5 41. Nf4 Rd7 42. Nd5+ Kg6 43. Nf4+ Kf6 44. Ngh5+ Kf7 45. Nd3 Ne4 46. Ne5+ Ke6 47. Nxd7 Nxd2 48. Ndf6 a5 49. Nd5 a4 50. bxa4 Nxc4 51. Nhf4+ Ke5 52. Kf3 d3 53. Nc3 Nb2 54. Ke3 c4 55. Nh3 f4+ 56. Kd2 Kf5 57. Nf2 Ke5 58. Kc1 Nxa4 59. Nxa4 b5 60. Nc3 b4 61. Nb5 Kd5 62. Kd2 Kc5 63. Nc7 b3 64. Nxd3+ cxd3 65. axb3 Kb4 66. Nd5+ Kxb3 67. Nxf4 1/2-1/2

[Event "Santa Eugenia op 9th"]
[Site "Santa Eugenia"]
[Date "2014.05.02"]
[Round "2"]
[White "Medina Masdeu, Rasen"]
[Black "Alarcon Pages, Salvador"]
[Result "1-0"]
[WhiteElo "2208"]
[BlackElo "1930"]
[PlyCount "43"]
[EventDate "2014.04.25"]
[EventType "swiss"]
[EventRounds "9"]
[EventCountry "ESP"]
[SourceTitle "EXT 2015"]
[Source "ChessBase"]
[SourceDate "2014.11.20"]
[SourceVersion "1"]
[SourceVersionDate "2014.11.20"]
[SourceQuality "1"]

1. d4 d5 2. c4 e5 3. dxe5 d4 4. e3 Nc6 5. exd4 Bb4+ 6. Nc3 Qxd4 7. Qxd4 Nxd4 8. Bd3 Bxc3+ 9. bxc3 Nc6 10. f4 Be6 11. Nf3 Na5 12. Nd2 0-0-0 13. Ke2 Ne7 14. h3 f6 15. Ba3 Nf5 16. Ne4 Bxc4 17. Bxc4 Nxc4 18. g4 Nxa3 19. e6 g6 20. Rad1 Nb5 21. Rxd8+ Rxd8 22. Rc1 1-0

[Event "Girona op-A 4th"]
[Site "Girona"]
[Date "2013.07.18"]
[Round "4"]
[White "Medina Masdeu, Rasen"]
[Black "Parals Marce, Luis"]
[Result "1-0"]
[WhiteElo "1999"]
[BlackElo "2041"]
[PlyCount "60"]
[EventDate "2013.07.15"]
[EventType "swiss"]
[EventRounds "9"]
[EventCountry "ESP"]
[SourceTitle "CBM 155 Extra"]
[Source "ChessBase"]
[SourceDate "2013.08.26"]
[SourceVersion "1"]
[SourceVersionDate "2013.08.26"]
[SourceQuality "1"]

1. e4 c5 2. Nf3 e6 3. d3 Nc6 4. g3 g6 5. Bg2 Bg7 6. 0-0 Nge7 7. Nbd2 0-0 8. c3 d5 9. Re1 Rb8 10. e5 b5 11. Nf1 b4 12. h4 bxc3 13. bxc3 f6 14. d4 fxe5 15. dxe5 Qc7 16. Bf4 Qa5 17. Qc1 Bd7 18. N3h2 Qb5 19. Ng4 Qb2 20. Nf6+ Bxf6 21. exf6 Rxf6 22. Bxb8 Qxb8 23. Qe3 Qd6 24. Rad1 Nf5 25. Qg5 Kg7 26. Nd2 h6 27. Qg4 Ne5 28. Qe2 Nc6 29. Ne4 Ncd4 30. Nxd6 Nxe2+ 1-0

[Event "Girona op-A 4th"]
[Site "Girona"]
[Date "2013.07.16"]
[Round "2"]
[White "Medina Masdeu, Rasen"]
[Black "Mundet Riera, Joaquim"]
[Result "1/2-1/2"]
[WhiteElo "1999"]
[BlackElo "1828"]
[PlyCount "95"]
[EventDate "2013.07.15"]
[EventType "swiss"]
[EventRounds "9"]
[EventCountry "ESP"]
[SourceTitle "CBM 155 Extra"]
[Source "ChessBase"]
[SourceDate "2013.08.26"]
[SourceVersion "1"]
[SourceVersionDate "2013.08.26"]
[SourceQuality "1"]

1. e4 d5 2. exd5 Nf6 3. d4 Nxd5 4. c4 Nf6 5. Nf3 e6 6. Nc3 c5 7. Bf4 a6 8. Be2 Be7 9. 0-0 0-0 10. Na4 cxd4 11. Nxd4 Nbd7 12. Be3 Qc7 13. Nb3 Rd8 14. Qc1 Bd6 15. h3 b6 16. Rd1 Bb7 17. Nd2 Rab8 18. Nc3 Be7 19. Qc2 Nf8 20. Nde4 N8d7 21. b3 Nxe4 22. Nxe4 Nf6 23. Nc3 Bc5 24. Bxc5 Qxc5 25. Rd3 Rxd3 26. Qxd3 g6 27. Rd1 Qg5 28. Bf3 Kg7 29. Bxb7 Rxb7 30. Ne4 Nxe4 31. Qxe4 Rc7 32. Rd6 Qc5 33. Rd8 Rc6 34. Qf4 Rc7 35. Kh2 b5 36. cxb5 axb5 37. Rb8 Rd7 38. a4 bxa4 39. bxa4 Rd4 40. Qe3 Qd6+ 41. Qg3 Qxg3+ 42. Kxg3 Rxa4 43. Rb5 Kf6 44. h4 h5 45. Kh3 e5 46. f3 Ra3 47. Rb4 Kf5 48. Rb5 1/2-1/2

[Event "Girona op-A 4th"]
[Site "Girona"]
[Date "2013.07.15"]
[Round "1"]
[White "Pruja Ramirez de Cartagena, Eduardo"]
[Black "Medina Masdeu, Rasen"]
[Result "0-1"]
[WhiteElo "1789"]
[BlackElo "1999"]
[PlyCount "62"]
[EventDate "2013.07.15"]
[EventType "swiss"]
[EventRounds "9"]
[EventCountry "ESP"]
[SourceTitle "CBM 155 Extra"]
[Source "ChessBase"]
[SourceDate "2013.08.26"]
[SourceVersion "1"]
[SourceVersionDate "2013.08.26"]
[SourceQuality "1"]

1. e4 c5 2. Nc3 a6 3. f4 b5 4. g3 Bb7 5. Bg2 Nf6 6. d3 e6 7. Nf3 b4 8. Ne2 d5 9. e5 Nfd7 10. 0-0 Nc6 11. c3 a5 12. g4 h5 13. gxh5 Rxh5 14. Ng5 g6 15. Ng3 Rh8 16. Bxd5 exd5 17. e6 fxe6 18. Nxe6 Qh4 19. Qe2 Be7 20. f5 Nde5 21. Nc7+ Kd7 22. Nxa8 Bxa8 23. Rf4 Qh3 24. d4 cxd4 25. cxd4 g5 26. Rf2 Ng4 27. Qe6+ Kc7 28. Rc2 Bd6 29. Qxd5 Nxh2 30. Bxg5 Qxg3+ 31. Rg2 Nf3+ 0-1

[Event "Llinars del Valles op-A 7th"]
[Site "Llinars del Valles"]
[Date "2013.04.27"]
[Round "3"]
[White "Soler Colomer, Valenti"]
[Black "Medina Masdeu, Rasen"]
[Result "1-0"]
[WhiteElo "2002"]
[BlackElo "1956"]
[PlyCount "113"]
[EventDate "2013.04.13"]
[EventType "swiss"]
[EventRounds "7"]
[EventCountry "ESP"]
[SourceTitle "EXT 2014"]
[Source "ChessBase"]
[SourceDate "2013.11.20"]
[SourceVersion "1"]
[SourceVersionDate "2013.11.20"]
[SourceQuality "1"]

1. d4 Nf6 2. Nf3 g6 3. c4 Bg7 4. Nc3 0-0 5. Bf4 c5 6. d5 d6 7. h3 Na6 8. e4 Nd7 9. Bd3 Nc7 10. 0-0 Ne5 11. Nxe5 dxe5 12. Be3 Qd6 13. f4 Bh6 14. Qd2 b6 15. f5 Bxe3+ 16. Qxe3 Kh8 17. Qh6 Rg8 18. Qh4 g5 19. Qh5 f6 20. Be2 Bd7 21. Kf2 b5 22. b3 e6 23. Kg1 b4 24. fxe6 Bxe6 25. Nd1 Bd7 26. Ne3 Raf8 27. Bg4 Be8 28. Qh6 Bg6 29. Bf5 Ne8 30. Bxg6 Rxg6 31. Qh5 Qd7 32. Nf5 Nd6 33. Qg4 Nxf5 34. Rxf5 Rg7 35. Raf1 Qd6 36. R5f2 Rgf7 37. h4 Rg7 38. hxg5 Rxg5 39. Qxg5 fxg5 40. Rxf8+ Kg7 41. R8f7+ Kg6 42. g4 a6 43. Kg2 a5 44. Kg3 Qa6 45. Rc7 Qa8 46. Rf5 Qd8 47. Rxc5 a4 48. Rc6+ Kg7 49. c5 h6 50. Rff6 Qa5 51. Rfd6 Qa8 52. Rc7+ Kg8 53. Rdc6 Qa5 54. Rb6 Qa8 55. d6 Qf8 56. Kg2 Qd8 57. Rbb7 1-0

[Event "Llinars del Valles op-A 7th"]
[Site "Llinars del Valles"]
[Date "2013.04.20"]
[Round "2"]
[White "Medina Masdeu, Rasen"]
[Black "Ribalta Bertran, Esteve"]
[Result "1-0"]
[WhiteElo "1956"]
[BlackElo "1804"]
[PlyCount "57"]
[EventDate "2013.04.13"]
[EventType "swiss"]
[EventRounds "7"]
[EventCountry "ESP"]
[SourceTitle "EXT 2014"]
[Source "ChessBase"]
[SourceDate "2013.11.20"]
[SourceVersion "1"]
[SourceVersionDate "2013.11.20"]
[SourceQuality "1"]

1. e4 e6 2. d3 d5 3. Nd2 dxe4 4. dxe4 g6 5. Ngf3 Bg7 6. c3 Nf6 7. Be2 0-0 8. 0-0 b6 9. Qc2 Bb7 10. Re1 Nc6 11. a4 Nd7 12. Nb3 a6 13. Bg5 Qc8 14. Rad1 Nce5 15. Nfd2 c5 16. f4 f6 17. Bh4 Nf7 18. Nc4 Qc7 19. Rxd7 Qxd7 20. Nxb6 Qc6 21. Nxa8 Rxa8 22. Nd2 Rd8 23. Bc4 Qd6 24. Nf3 Qxf4 25. Bxe6 Qc7 26. e5 Bxf3 27. gxf3 Bh6 28. Bxf6 c4 29. Bxd8 1-0

[Event "Girona op-A 3rd"]
[Site "Girona"]
[Date "2012.07.23"]
[Round "8"]
[White "Mundet Riera, Jaume"]
[Black "Medina Masdeu, Rasen"]
[Result "1/2-1/2"]
[WhiteElo "2170"]
[BlackElo "1923"]
[PlyCount "95"]
[EventDate "2012.07.16"]
[EventType "swiss"]
[EventRounds "9"]
[EventCountry "ESP"]
[SourceTitle "CBM 149 Extra"]
[Source "ChessBase"]
[SourceDate "2012.08.24"]
[SourceVersion "1"]
[SourceVersionDate "2012.08.24"]
[SourceQuality "1"]

1. e4 c6 2. d4 d5 3. Nc3 dxe4 4. Nxe4 Bf5 5. Ng3 Bg6 6. N1e2 e6 7. Nf4 Bd6 8. Nxg6 hxg6 9. Qf3 Nf6 10. c3 Nbd7 11. Bc4 Nb6 12. Bb3 a5 13. a4 Nbd5 14. h3 Qb6 15. Bc2 Qc7 16. Ne4 Nxe4 17. Bxe4 Qe7 18. Bd2 Qf6 19. Bxd5 exd5 20. Qxf6 gxf6 21. Ke2 Kd7 22. Kd3 Bc7 23. Rhe1 Rhe8 24. Rxe8 Rxe8 25. b4 f5 26. bxa5 Bxa5 27. Rb1 Kc8 28. Re1 Rxe1 29. Bxe1 Kd7 30. f3 Ke6 31. Bg3 Bd8 32. Be5 c5 33. c4 Be7 34. Bb8 Bf8 35. Ba7 dxc4+ 36. Kxc4 cxd4 37. Bxd4 Bd6 38. Bf2 f4 39. Kb5 Bc7 40. Bb6 Bb8 41. Bd8 Ba7 42. Bg5 Kf5 43. Bh6 Bf2 44. Bf8 Bd4 45. Bc5 Ke5 46. Kc4 g5 47. Be7 f6 48. Bc5 1/2-1/2

[Event "ESP-ch U14"]
[Site "Salobrena"]
[Date "2012.07.13"]
[Round "8"]
[White "Cortes Cabeza, Cameron"]
[Black "Medina Masdeu, Rasen"]
[Result "1/2-1/2"]
[WhiteElo "1633"]
[BlackElo "1923"]
[PlyCount "107"]
[EventDate "2012.07.09"]
[EventType "swiss"]
[EventRounds "9"]
[EventCountry "ESP"]
[SourceTitle "EXT 2014"]
[Source "ChessBase"]
[SourceDate "2013.11.20"]
[SourceVersion "1"]
[SourceVersionDate "2013.11.20"]
[SourceQuality "1"]

1. e4 c6 2. Nf3 d5 3. exd5 cxd5 4. d4 Nf6 5. c3 Nc6 6. Bf4 Bg4 7. Nbd2 e6 8. h3 Bf5 9. Be2 Bd6 10. Bxd6 Qxd6 11. a4 0-0 12. 0-0 Rfc8 13. Rc1 Rc7 14. Nh4 Be4 15. f3 Bg6 16. Nxg6 hxg6 17. Bb5 Ne7 18. Bd3 Rac8 19. f4 Nf5 20. Bxf5 exf5 21. Qf3 Ne4 22. Qd3 Qb6 23. Nxe4 fxe4 24. Qe2 f5 25. Rf2 Rc6 26. Qe3 Qb3 27. Ra1 Ra6 28. Qg3 Kf7 29. Ra3 Qc4 30. Rc2 Qc7 31. c4 dxc4 32. Rac3 Rxa4 33. b3 Ra1+ 34. Kh2 Qd6 35. Rxc4 Rxc4 36. Rxc4 Rd1 37. Qf2 b5 38. Rc8 Qxd4 39. Qxd4 Rxd4 40. Rc7+ Ke6 41. Rxa7 Rb4 42. Rxg7 Kf6 43. Rc7 Rxb3 44. Rc6+ Kg7 45. Rc7+ Kh6 46. Re7 Rb2 47. Kg1 Rb1+ 48. Kf2 b4 49. g4 fxg4 50. hxg4 g5 51. fxg5+ Kxg5 52. Rxe4 b3 53. Rb4 b2 54. Kg2 1/2-1/2

[Event "ESP-ch U14"]
[Site "Salobrena"]
[Date "2012.07.13"]
[Round "7"]
[White "Medina Masdeu, Rasen"]
[Black "Jane Besora, Jordi"]
[Result "1/2-1/2"]
[WhiteElo "1923"]
[BlackElo "1814"]
[PlyCount "68"]
[EventDate "2012.07.09"]
[EventType "swiss"]
[EventRounds "9"]
[EventCountry "ESP"]
[SourceTitle "EXT 2014"]
[Source "ChessBase"]
[SourceDate "2013.11.20"]
[SourceVersion "1"]
[SourceVersionDate "2013.11.20"]
[SourceQuality "1"]

1. e4 d5 2. exd5 Qxd5 3. Nc3 Qd6 4. d4 Nf6 5. Bd3 a6 6. Nge2 b5 7. a3 Bb7 8. f3 Nbd7 9. Ne4 Qb6 10. Be3 e6 11. b4 Nxe4 12. Bxe4 Nf6 13. Bxb7 Qxb7 14. 0-0 Bd6 15. c3 0-0 16. Qc2 Nd5 17. Bf2 Nb6 18. Nc1 Nc4 19. Nd3 c6 20. Rfe1 Qc7 21. g3 Rfe8 22. Nb2 Nxb2 23. Qxb2 a5 24. f4 Qd8 25. Qe2 Qc7 26. Qe4 axb4 27. axb4 Qb7 28. Qc2 h6 29. Be3 Rxa1 30. Rxa1 Ra8 31. Rxa8+ Qxa8 32. h4 Qa1+ 33. Kg2 Qa3 34. Bc1 Qa7 1/2-1/2

[Event "ESP-ch U14"]
[Site "Salobrena"]
[Date "2012.07.09"]
[Round "2"]
[White "Wang Qiu, Jorge"]
[Black "Medina Masdeu, Rasen"]
[Result "0-1"]
[WhiteElo "1705"]
[BlackElo "1923"]
[PlyCount "43"]
[EventDate "2012.07.09"]
[EventType "swiss"]
[EventRounds "9"]
[EventCountry "ESP"]
[SourceTitle "EXT 2014"]
[Source "ChessBase"]
[SourceDate "2013.11.20"]
[SourceVersion "1"]
[SourceVersionDate "2013.11.20"]
[SourceQuality "1"]

1. e4 c5 2. d3 g6 3. c3 Bg7 4. g3 Nc6 5. Bg2 d6 6. f4 e5 7. Ne2 Nge7 8. 0-0 0-0 9. Be3 Be6 10. Nd2 f5 11. Qc2 Rb8 12. a4 h6 13. Bf2 b6 14. exf5 Bxf5 15. Nf3 c4 16. Nh4 Bxd3 17. Qd2 e4 18. Rfe1 d5 19. Be3 Na5 20. Nc1 Kh7 21. Qf2 g5 22. Bf1 0-1

[Event "Figueres op 12th"]
[Site "Figueres"]
[Date "2011.08.15"]
[Round "6"]
[White "Colls Bosch, Emilio"]
[Black "Medina Masdeu, Rasen"]
[Result "1-0"]
[WhiteElo "2015"]
[BlackElo "1794"]
[PlyCount "55"]
[EventDate "2011.08.11"]
[EventType "swiss"]
[EventRounds "9"]
[EventCountry "ESP"]
[SourceTitle "CBM 143 Extra"]
[Source "ChessBase"]
[SourceDate "2011.08.29"]
[SourceVersion "1"]
[SourceVersionDate "2011.08.29"]
[SourceQuality "1"]

1. e4 c5 2. Nf3 g6 3. c4 Bg7 4. d4 cxd4 5. Nxd4 Nc6 6. Be3 Nf6 7. Nc3 d6 8. Be2 Bd7 9. 0-0 0-0 10. Qd2 Rc8 11. f3 Ne5 12. b3 a6 13. Rac1 Qa5 14. Rfd1 Rfe8 15. Kh1 Bc6 16. Bg5 Qc7 17. b4 b6 18. Nd5 Bxd5 19. cxd5 Qb7 20. a4 Rxc1 21. Rxc1 Rc8 22. Rxc8+ Qxc8 23. Qc2 Qb7 24. Nc6 Kf8 25. Nxe5 dxe5 26. Qc6 Qxc6 27. dxc6 Ke8 28. Be3 1-0

[Event "Figueres op 12th"]
[Site "Figueres"]
[Date "2011.08.12"]
[Round "2"]
[White "Vega Benitez, Oscar"]
[Black "Medina Masdeu, Rasen"]
[Result "0-1"]
[WhiteElo "1218"]
[BlackElo "1794"]
[PlyCount "52"]
[EventDate "2011.08.11"]
[EventType "swiss"]
[EventRounds "9"]
[EventCountry "ESP"]
[SourceTitle "CBM 143 Extra"]
[Source "ChessBase"]
[SourceDate "2011.08.29"]
[SourceVersion "1"]
[SourceVersionDate "2011.08.29"]
[SourceQuality "1"]

1. e4 c5 2. Nf3 g6 3. d4 cxd4 4. Nxd4 Nc6 5. Nc3 Bg7 6. Be3 Nf6 7. Bc4 0-0 8. Bb3 d6 9. f3 Na5 10. h4 a6 11. h5 Nxh5 12. Qd2 Nxb3 13. Nxb3 Be6 14. Bh6 Qb6 15. Bxg7 Kxg7 16. g4 Nf6 17. Qh6+ Kh8 18. 0-0-0 Rg8 19. Nd4 Rg7 20. Nxe6 fxe6 21. Ne2 e5 22. Rdg1 Qf2 23. Ng3 Rc8 24. Qh2 Rxc2+ 25. Kd1 Qxh2 26. Rxh2 Rxh2 0-1

[Event "Llinars del Valles op-B 5th"]
[Site "Llinars del Valles"]
[Date "2011.05.07"]
[Round "2"]
[White "Albert Estebanez, Alex"]
[Black "Medina Masdeu, Rasen"]
[Result "1/2-1/2"]
[WhiteElo "1583"]
[BlackElo "1739"]
[PlyCount "77"]
[EventDate "2011.04.30"]
[EventType "swiss"]
[EventRounds "7"]
[EventCountry "ESP"]
[SourceTitle "EXT 2012"]
[Source "ChessBase"]
[SourceDate "2011.11.24"]
[SourceVersion "1"]
[SourceVersionDate "2011.11.24"]
[SourceQuality "1"]

1. e4 c5 2. c3 g6 3. d4 cxd4 4. cxd4 Bg7 5. Nf3 d5 6. e5 e6 7. Nc3 a6 8. Bd3 Nc6 9. 0-0 Nge7 10. Bg5 Bd7 11. Na4 Nb4 12. Be2 Bxa4 13. Qxa4+ Nbc6 14. Rac1 0-0 15. Qb3 Qd7 16. Bd3 f6 17. exf6 Bxf6 18. Bxf6 Rxf6 19. Qa4 Rf4 20. Bb5 Raf8 21. Bxc6 Nxc6 22. Rcd1 e5 23. b4 exd4 24. b5 axb5 25. Qxb5 Ra8 26. Qb2 Qg7 27. Qb3 Rd8 28. Rb1 Rd7 29. Ng5 Qf6 30. Qh3 Re7 31. Qc8+ Qf8 32. Qxf8+ Rxf8 33. Rb3 h6 34. Nf3 Rd7 35. Rfb1 Rff7 36. Rd1 Rfe7 37. Kf1 Re4 38. Rdb1 Ree7 39. Rd1 1/2-1/2